Bebidas y excitantes /

El autor describe la historia de las bebidas, incluida el agua, las cuales no son sólo alimentos sino que desepeñan un papel de estimulantes, de instrumentos de evasión y a veces de comunicación con lo sobrenatural.

Salvato in:
Dettagli Bibliografici
Autore principale: Braudel, Fernand (autor)
Natura: Libro
Lingua:spagnolo
Pubblicazione: Madrid, España : Alianza, 1994, c1994
Serie:(Alianza Cien ; 24)
Soggetti:
Tags: Aggiungi Tag
Nessun Tag, puoi essere il primo ad aggiungerne!!

MARC

LEADER 00000nam^a2200000^a^4500
001 000613325
005 20250521000000.0
009 20260310133620.938
020 |a 84-206-4624-5 
037 |a Acervo ITESO - Biblioteca 
041 |a ESP 
082 |a 641. 2  |b BRA 
100 |a Braudel, Fernand  |e (autor) 
245 1 0 |a Bebidas y excitantes /  |c F. Braudel ; tr. por Isabel Pérez-Villanueva. 
264 4 |a Madrid, España :  |b Alianza,  |c 1994, c1994 
300 |a 63 p. 
336 |a texto  |b txt  |2 rdacontenido 
337 |a sin mediación  |b n  |2 rdamedio 
338 |a volumen  |b nc  |2 rdasoporte 
440 1 |a (Alianza Cien ;  |v 24) 
520 |a El autor describe la historia de las bebidas, incluida el agua, las cuales no son sólo alimentos sino que desepeñan un papel de estimulantes, de instrumentos de evasión y a veces de comunicación con lo sobrenatural. 
649 |a XX 
650 |a Agua 
650 |a Chocolate 
650 |a Café 
650 |a Té 
650 |a Tabaco 
650 |a Vinos 
650 |a Bebidas Fermentadas 
650 |a Bebidas Alcohólicas 
650 |a Estimulantes 
650 |a Bebidas -  |x Aspectos Sociales y Culturales 
650 |a Bebidas -  |x Historia -  |x Tema Principal 
650 |a Prácticas Culturales 
650 |a Sociología de la Cultura 
910 |a Fondo Castillo-Martínez 
920 |a Impresos - Libros 
930 |a Fondos Especiales 
905 |a 127 
901 |a 613325-10  |b IT2  |c ESP  |i D128617  |u 20250521 
902 |a https://opac.biblio.iteso.mx/vufind/Record/000613325